Vegetačný kryt korún torzálnych murív
Gespeichert in:
| 1. Verfasser: | |
|---|---|
| Weitere Verfasser: | |
| Format: | Manuskript Buch |
| Sprache: | Slowakisch |
| Veröffentlicht: |
2015
|
| Schlagworte: | |
| Online-Zugang: | http://is.stuba.sk/zp/portal_zp.pl?podrobnosti=76793 |
| Tags: |
Keine Tags, Fügen Sie das erste Tag hinzu!
|
MARC
| LEADER | 00000ntm a22000003a 4500 | ||
|---|---|---|---|
| 001 | stuzp23436 | ||
| 003 | SK-STU | ||
| 005 | 20160719152848.9 | ||
| 007 | ta | ||
| 008 | 150427s2015----xo-----f-mn---000-0-slo-d | ||
| 040 | |a STU |b slo | ||
| 041 | 0 | |a slo | |
| 100 | 1 | |a Schlesinger, Richard |u 010310 |4 aut |U SvF Stavebná fakulta |T SvF Katedra architektúry |X 11188 |U V181|V310 |Y 19 |7 A000011188 | |
| 242 | 0 | 1 | |a Soft capping historic walls |y eng |
| 245 | 1 | 0 | |a Vegetačný kryt korún torzálnych murív |
| 260 | |c 2015 | ||
| 650 | 4 | |a vegetačný kryt |2 slo | |
| 650 | 4 | |a torzálna architektúra |2 slo | |
| 650 | 4 | |a konzervácia |2 slo | |
| 650 | 4 | |a soft wall caps |2 eng | |
| 650 | 4 | |a ruins |2 eng | |
| 650 | 4 | |a conservation |2 eng | |
| 700 | 1 | |a Húsenicová, Jarmila |4 ths |X 901 |7 A000000901 | |
| 856 | 4 | |u http://is.stuba.sk/zp/portal_zp.pl?podrobnosti=76793 | |
| 996 | |b 284V041289 |c V* 3254/DP-1184 |l VVS |s P |a 0 |w stuzp23436_0001 | ||
| SQL | |a stuzp23436 |b DDZ |c SLO |d Vegetačný kryt korún torzálnych murív |e 11188 |f Schlesinger, Richard |g 010310 |h 901 |i Húsenicová, Jarmila |j 20150825 |k 673 |l 01 |m http://is.stuba.sk/zp/portal_zp.pl?podrobnosti=76793 |n D-TKPS4 |o 5.1.4. pozemné stavby | ||